[Event "COL-ch sf"]
[Site "Santa Rosa"]
[Date "2021.08.13"]
[Round "4"]
[White "Torres, Jaime Alberto"]
[Black "Rios Parra, Alejandro"]
[Result "0-1"]
[WhiteElo "1986"]
[BlackElo "2254"]
[PlyCount "106"]
[EventDate "2021.08.11"]
[EventType "swiss"]
[EventRounds "11"]
[EventCountry "COL"]
[SourceTitle "CBM 204 Extra"]
[Source "ChessBase"]
[SourceDate "2021.11.30"]
[SourceVersion "1"]
[SourceVersionDate "2021.11.30"]
[SourceQuality "1"]

1. d4 Nf6 2. c4 e6 3. Nf3 c5 4. d5 exd5 5. cxd5 d6 6. Nc3 g6 7. e4 Bg7 8. Bd3 0-0 9. h3 a6 10. a4 Re8 11. 0-0 Nbd7 12. Bf4 Nh5 13. Bxd6 Qb6 14. e5 Nxe5 15. Bxe5 Bxe5 16. Nxe5 Rxe5 17. Qd2 Bd7 18. a5 Qb4 19. Be2 Nf4 20. Bf3 Rae8 21. Rfe1 Rxe1+ 22. Rxe1 Rxe1+ 23. Qxe1 Qxb2 24. Qe3 Qa1+ 25. Kh2 Qxa5 26. Qxf4 Qxc3 27. Qb8+ Kg7 28. Qxb7 Qe5+ 29. g3 Bb5 30. Qb6 c4 31. d6 c3 32. Qc7 Qd4 33. Kg2 Qd3 34. d7 Bxd7 35. Qe5+ Kf8 36. Bd5 Qb5 37. Qh8+ Ke7 38. Qe5+ Be6 39. Qc7+ Qd7 40. Qc5+ Qd6 41. Qa7+ Kf6 42. Qd4+ Qe5 43. Qh4+ Kg7 44. Bxe6 Qxe6 45. Qd4+ Qf6 46. Qc4 h5 47. f4 Kh7 48. Kf3 Qe6 49. Qxc3 Qxh3 50. Qf6 Qe6 51. Qd8 Qc6+ 52. Kf2 Qc5+ 53. Kf3 a5 0-1

[Event "COL-ch sf"]
[Site "Santa Rosa"]
[Date "2021.08.12"]
[Round "3"]
[White "Castano, Nestor"]
[Black "Torres, Jaime Alberto"]
[Result "0-1"]
[WhiteElo "1692"]
[BlackElo "1986"]
[PlyCount "66"]
[EventDate "2021.08.11"]
[EventType "swiss"]
[EventRounds "11"]
[EventCountry "COL"]
[SourceTitle "CBM 204 Extra"]
[Source "ChessBase"]
[SourceDate "2021.11.30"]
[SourceVersion "1"]
[SourceVersionDate "2021.11.30"]
[SourceQuality "1"]

1. c4 c5 2. Nc3 Nf6 3. e4 Nc6 4. g3 g6 5. Bg2 Bg7 6. Nge2 d6 7. 0-0 e5 8. d3 0-0 9. b3 Nd4 10. Rb1 a5 11. a3 Bd7 12. b4 axb4 13. axb4 cxb4 14. Rxb4 Nxe2+ 15. Nxe2 Bc6 16. Be3 Ra3 17. Bb6 Qa8 18. f4 Nd7 19. Bf2 Nc5 20. Nc1 exf4 21. gxf4 Qa5 22. Rb1 Qc3 23. e5 Nxd3 24. Nxd3 Qxd3 25. Qxd3 Rxd3 26. exd6 Rxd6 27. Bc5 Bd4+ 28. Bxd4 Rxd4 29. Bxc6 bxc6 30. Rb4 c5 31. Ra4 f5 32. Re1 Rf7 33. Re5 Rc7 0-1

[Event "COL-ch Cat B/C U2200"]
[Site "Medellin"]
[Date "2021.06.12"]
[Round "4"]
[White "Torres, Jaime Alberto"]
[Black "Moncada Correa, Sara"]
[Result "1-0"]
[WhiteElo "1975"]
[BlackElo "1869"]
[PlyCount "28"]
[EventDate "2021.06.10"]
[EventType "swiss"]
[EventRounds "7"]
[EventCountry "COL"]
[SourceTitle "EXT 2022"]
[Source "ChessBase"]
[SourceDate "2021.10.06"]
[SourceVersion "1"]
[SourceVersionDate "2021.10.06"]
[SourceQuality "1"]

1. d4 d5 2. Nf3 Nf6 3. g3 Bf5 4. Bg2 e6 5. 0-0 Nbd7 6. c4 h6 7. Re1 Be7 8. Bf4 0-0 9. cxd5 exd5 10. Nc3 c6 11. Ne5 Re8 12. e4 dxe4 13. Nxe4 Nxe4 14. Bxe4 Bxe4 1-0

[Event "COL-ch sf"]
[Site "Bogota"]
[Date "2020.11.16"]
[Round "8"]
[White "Hernandez, Jeronimo"]
[Black "Torres, Jaime Alberto"]
[Result "1-0"]
[WhiteElo "1852"]
[BlackElo "1943"]
[PlyCount "47"]
[EventDate "2020.11.12"]
[EventType "swiss"]
[EventRounds "8"]
[EventCountry "COL"]
[SourceTitle "CBM 199 Extra"]
[Source "ChessBase"]
[SourceDate "2021.01.31"]
[SourceVersion "1"]
[SourceVersionDate "2021.01.31"]
[SourceQuality "1"]

1. Nf3 Nf6 2. c4 d6 3. Nc3 e5 4. d4 Nbd7 5. e4 c6 6. Qc2 Be7 7. Be2 a6 8. 0-0 b5 9. Be3 b4 10. Na4 c5 11. dxe5 dxe5 12. Rad1 Qc7 13. Nh4 Bb7 14. Bf3 0-0 15. Nf5 Rfe8 16. g4 h6 17. h4 Bf8 18. g5 hxg5 19. hxg5 g6 20. gxf6 gxf5 21. Bg5 Qc6 22. Rxd7 Qxd7 23. Nb6 Qc6 24. Nd5 1-0

[Event "COL-ch sf"]
[Site "Bogota"]
[Date "2020.11.14"]
[Round "5"]
[White "Becerra, Juan David"]
[Black "Torres, Jaime Alberto"]
[Result "1-0"]
[WhiteElo "2330"]
[BlackElo "1943"]
[PlyCount "50"]
[EventDate "2020.11.12"]
[EventType "swiss"]
[EventRounds "8"]
[EventCountry "COL"]
[SourceTitle "CBM 199 Extra"]
[Source "ChessBase"]
[SourceDate "2021.01.31"]
[SourceVersion "1"]
[SourceVersionDate "2021.01.31"]
[SourceQuality "1"]

1. e4 d6 2. d4 Nf6 3. Nc3 e5 4. Nge2 Nbd7 5. h3 Be7 6. g4 h6 7. Be3 c6 8. a4 a5 9. Bg2 Qc7 10. Ng3 Nb8 11. f4 exf4 12. Bxf4 g5 13. Be3 Na6 14. 0-0 Nb4 15. Nce2 c5 16. c3 Nc6 17. e5 dxe5 18. d5 Nd4 19. cxd4 exd4 20. Bd2 c4 21. Nf5 Bxf5 22. Rxf5 Qb6 23. Kf1 Rc8 24. Nxd4 Qxb2 25. d6 Bd8 1-0

[Event "COL-ch sf"]
[Site "Bogota"]
[Date "2020.11.13"]
[Round "3"]
[White "Ramirez, Carlos"]
[Black "Torres, Jaime Alberto"]
[Result "1/2-1/2"]
[WhiteElo "2263"]
[BlackElo "1943"]
[PlyCount "72"]
[EventDate "2020.11.12"]
[EventType "swiss"]
[EventRounds "8"]
[EventCountry "COL"]
[SourceTitle "CBM 199 Extra"]
[Source "ChessBase"]
[SourceDate "2021.01.31"]
[SourceVersion "1"]
[SourceVersionDate "2021.01.31"]
[SourceQuality "1"]

1. d4 Nf6 2. c4 d6 3. Nc3 e5 4. Nf3 Nbd7 5. e4 Be7 6. Be2 c6 7. 0-0 Qc7 8. b3 a6 9. Bb2 b5 10. a4 0-0 11. Rc1 Qb8 12. Qc2 Bb7 13. b4 Re8 14. Rfd1 exd4 15. Nxd4 Ne5 16. cxb5 cxb5 17. Nf5 Bf8 18. Nd5 Nxd5 19. exd5 Qd8 20. f4 Rc8 21. Qd2 Rxc1 22. Rxc1 Ng6 23. Bf3 Nh4 24. Nxh4 Qxh4 25. Bd4 Qe7 26. g3 Qd7 27. Bb6 Rc8 28. Rxc8 Qxc8 29. Bd4 Qc4 30. Bb2 Qb3 31. Qc3 Qa2 32. Qd4 Qb1+ 33. Kf2 Qc2+ 34. Kg1 Qb1+ 35. Kf2 Qc2+ 36. Kg1 Qb1+ 1/2-1/2

[Event "COL-ch U2000"]
[Site "Pereira"]
[Date "2019.03.23"]
[Round "4"]
[White "Ramirez, Francisco Javier"]
[Black "Torres, Jaime Alberto"]
[Result "1-0"]
[WhiteElo "1907"]
[BlackElo "1963"]
[PlyCount "177"]
[EventDate "2019.03.21"]
[EventType "swiss"]
[EventRounds "9"]
[EventCountry "COL"]
[SourceTitle "CBM 189 Extra"]
[Source "ChessBase"]
[SourceDate "2019.06.03"]
[SourceVersion "1"]
[SourceVersionDate "2019.06.03"]
[SourceQuality "1"]

1. e4 c5 2. d4 cxd4 3. c3 dxc3 4. Nxc3 Nc6 5. Nf3 d6 6. h3 Nf6 7. Bc4 e6 8. 0-0 Be7 9. Qe2 a6 10. a3 Qc7 11. Bf4 0-0 12. Rac1 Qb8 13. Ba2 Bd7 14. Rfd1 Ne5 15. Nxe5 dxe5 16. Bg3 b5 17. Bh4 Rd8 18. Rd2 Qb7 19. Bg3 Bc6 20. Rxd8+ Rxd8 21. Bxe5 Bxe4 22. Bxf6 Bd3 23. Bxe7 Bxe2 24. Bxd8 Bc4 25. Bxc4 bxc4 26. Rc2 f6 27. Rd2 Kf7 28. Ba5 Qc6 29. Bb4 Qb7 30. Kf1 h5 31. f3 f5 32. Bd6 g5 33. Be5 h4 34. Ke1 Kg6 35. Kd1 Kh5 36. Kc1 g4 37. hxg4+ fxg4 38. fxg4+ Kxg4 39. Re2 Qb6 40. Re4+ Kf5 41. Bd4 Qc6 42. Rxh4 Qxg2 43. Re4 Qf1+ 44. Kd2 Qd3+ 45. Kc1 Qf1+ 46. Kd2 Qd3+ 47. Ke1 Qg3+ 48. Ke2 Qd3+ 49. Ke1 Qg3+ 50. Bf2 Qd3 51. Rd4 Qc2 52. Rd2 Qc1+ 53. Ke2 e5 54. Nd1 Ke4 55. Nc3+ Kf4 56. Nd5+ Ke4 57. Nc3+ Kf5 58. Be1 Ke6 59. Na4 Qb1 60. Nc3 Qc1 61. Nd1 Kf5 62. Ne3+ Ke4 63. Nd1 Kf4 64. Bf2 Ke4 65. Be3 Qa1 66. Rc2 Kf5 67. Rxc4 Qa2 68. Rc5 Ke6 69. Bd2 Qb1 70. Bc3 Qc2+ 71. Ke1 Qe4+ 72. Kd2 Qf4+ 73. Kc2 e4 74. Rc6+ Kd5 75. Rxa6 Qf3 76. Ra5+ Kd6 77. Re5 Qd3+ 78. Kc1 Qe2 79. a4 Qd3 80. a5 Qe2 81. b4 Qd3 82. a6 Qxa6 83. Rxe4 Qa3+ 84. Kd2 Qa2+ 85. Nb2 Kc6 86. Rc4+ Kd5 87. Kc2 Kd6 88. b5 Kd5 89. Ra4 1-0

[Event "COL-ch sf"]
[Site "Ubate"]
[Date "2017.10.15"]
[Round "3"]
[White "Gomez, Cesar Sebastian"]
[Black "Torres, Jaime Alberto"]
[Result "1-0"]
[WhiteElo "1672"]
[BlackElo "2014"]
[PlyCount "77"]
[EventDate "2017.10.14"]
[EventType "swiss"]
[EventRounds "6"]
[EventCountry "COL"]
[SourceTitle "CBM 181 Extra"]
[Source "ChessBase"]
[SourceDate "2017.12.12"]
[SourceVersion "1"]
[SourceVersionDate "2017.12.12"]
[SourceQuality "1"]

1. e4 c5 2. Nf3 Nc6 3. d4 cxd4 4. Nxd4 e5 5. Nb5 a6 6. Nd6+ Bxd6 7. Qxd6 Qf6 8. Qxf6 Nxf6 9. Bd3 d5 10. Nc3 d4 11. Ne2 0-0 12. 0-0 Bg4 13. Ng3 Rac8 14. a3 Rfe8 15. Bg5 Nd7 16. h3 Be6 17. f4 f6 18. Bh4 exf4 19. Ne2 g5 20. Bf2 Nde5 21. Nxd4 Nxd4 22. Bxd4 Red8 23. Bc3 Kg7 24. Rad1 Kg6 25. Rf2 Nc4 26. g3 Bxh3 27. gxf4 g4 28. Re1 h5 29. e5+ f5 30. e6 Re8 31. Rfe2 Nd6 32. e7 Ne4 33. Rxe4 fxe4 34. Bxe4+ Kf7 35. Bd5+ Kg6 36. f5+ Kg5 37. Bf7 Kxf5 38. Be6+ Kg5 39. Bxc8 1-0